000 00780nam a22003010a 4500
001 PT58556
003 AR-LpoUNG
005 20210131231901.0
008 191001s2005||||ag |||||||||||||||||spa d
020 _a9509187968
_c$10
040 _aAR-LpoUNG
_bspa
_cAR-LpoUNG
_eaacr
041 _aspa
044 _aag
082 0 _a808.068 3 182cai
100 1 _aFalconi, María Inés
245 1 0 _aCaídos del mapa
250 _a26da. ed.
260 _aBuenos Aires :
_bQuipu,
_c2005.
300 _a160 p. :
_bil.
505 0 _aSugerido a partir de 10 años (etiqueta VIOLETA)
650 4 _aLITERATURA
650 4 _aNOVELAS
651 4 _aDOCUMENTOS TEORICOS O METODOLOGICOS
653 _aLITERATURA INFANTIL
700 1 _aCaloi
_eil.
905 _a58556
942 _cLIB
999 _c12402
_d12402